Environmental representations of safety from crime versus insecurity : a study in Lisbon /

Este estudio investiga las representaciones ambientales de la inseguridad y la seguridad producidas por la actividad delictiva en Lisboa. Basándose en la idea de que la seguridad no es absolutamente lo contrario de inseguridad (Guinelli y Rouquette, 2004), la autora establece la hipótesis según la c...

Full description

Bibliographic Details
Main Author: Sautkina, Elena
Format: Analitica de revista
Language:Spanish
Published: Madrid, España Fundación Infancia y Aprendizaje 2007

MARC

LEADER 00000cab a2200000 a 4500
001 041445
003 UAHC_CL
005 20170803124556.0
008 071107s2007 sp 000 spa
040 |a UAHC_CL  |c UAHC_CL  |d UAHC_CL 
100 1 |a Sautkina, Elena 
245 1 0 |a Environmental representations of safety from crime versus insecurity :  |b a study in Lisbon /  |c Elena Sautkina. 
260 |b Fundación Infancia y Aprendizaje  |a Madrid, España  |c 2007 
300 |a p. 289-298 
500 |a Revista de Psicología Social (España) 2007, vol 22 (3). p. 289-298. 
500 |a Revista de Psicología Social (España) 2007, vol 22 (3). p. 289-298. 
520 |a Este estudio investiga las representaciones ambientales de la inseguridad y la seguridad producidas por la actividad delictiva en Lisboa. Basándose en la idea de que la seguridad no es absolutamente lo contrario de inseguridad (Guinelli y Rouquette, 2004), la autora establece la hipótesis según la cual si un rasgo ambiental contribuye a la representación de la seguridad, un rasgo opuesto no necesariamente se relaciona con la representación de la seguridad, y viceversa. Se pide a una muestra de 121 participantes que conocen bien la ciudad de Lisboa que elijan 3 lugares de la ciudad donde se sienten inseguros por la actividad delictiva, y otros tres donde se sienten seguros. Así, los participantes evalúan la importancia de distintos rasgos ambientales físicos y sociales que conforman la representación de cada uno de los lugares. Los resultados muestran que las características sociales son más relevantes en la representación de los lugares inseguros que en la representación de los seguros, mientras que las características físicas no explican mucho de la representación de los lugares inseguros, y tienen un papel más importante en la representación de los lugares seguros. 
520 |a Este estudio investiga las representaciones ambientales de la inseguridad y la seguridad producidas por la actividad delictiva en Lisboa. Basándose en la idea de que la seguridad no es absolutamente lo contrario de inseguridad (Guinelli y Rouquette, 2004), la autora establece la hipótesis según la cual si un rasgo ambiental contribuye a la representación de la seguridad, un rasgo opuesto no necesariamente se relaciona con la representación de la seguridad, y viceversa. Se pide a una muestra de 121 participantes que conocen bien la ciudad de Lisboa que elijan 3 lugares de la ciudad donde se sienten inseguros por la actividad delictiva, y otros tres donde se sienten seguros. Así, los participantes evalúan la importancia de distintos rasgos ambientales físicos y sociales que conforman la representación de cada uno de los lugares. Los resultados muestran que las características sociales son más relevantes en la representación de los lugares inseguros que en la representación de los seguros, mientras que las características físicas no explican mucho de la representación de los lugares inseguros, y tienen un papel más importante en la representación de los lugares seguros. 
520 |a Este estudio investiga las representaciones ambientales de la inseguridad y la seguridad producidas por la actividad delictiva en Lisboa. Bas·ndose en la idea de que la seguridad no es absolutamente lo contrario de inseguridad (Guinelli y Rouquette, 2004), la autora establece la hipÛtesis según la cual si un rasgo ambiental contribuye a la representaciÛn de la seguridad, un rasgo opuesto no necesariamente se relaciona con la representaciÛn de la seguridad, y viceversa. Se pide a una muestra de 121 participantes que conocen bien la ciudad de Lisboa que elijan 3 lugares de la ciudad donde se sienten inseguros por la actividad delictiva, y otros tres donde se sienten seguros. AsÌ, los participantes evalúan la importancia de distintos rasgos ambientales fÌsicos y sociales que conforman la representaciÛn de cada uno de los lugares. Los resultados muestran que las caracterÌsticas sociales son m·s relevantes en la representaciÛn de los lugares inseguros que en la representaciÛn de los seguros, mientras que las caracterÌsticas fÌsicas no explican mucho de la representaciÛn de los lugares inseguros, y tienen un papel m·s importante en la representaciÛn de los lugares seguros. 
759 |a PP142 
773 0 |t Revista de sociología  |w 041937 
900 |a REV. PSICOL. SOC.-03/07 
942 |c REVA 
952 |0 0  |1 0  |4 0  |6 REV___PSICOL__SOC_03_07_000000000000000  |7 0  |8 General  |9 77776  |a BC  |b BC  |c General  |d 2017-08-03  |l 0  |o REV. PSICOL. SOC.-03/07  |p FICTICIO6916  |r 2019-01-08 00:00:00  |t 1  |w 2017-08-03  |y REVA 
999 |c 41445  |d 41445